Tres tipos del año XX (Record no. 156155)

MARC details
000 -LEADER
campo de control de longitud fija 00907nam a22001935i 4500
001 - NÚMERO DE CONTROL
campo de control 156155
003 - IDENTIFICADOR DE NÚMERO DE CONTROL
campo de control ES-MaACL
005 - FECHA Y HORA DE LA ÚLTIMA TRANSACCIÓN
campo de control 20251017063108.0
008 - DATOS DE LONGITUD FIJA--INFORMACIÓN GENERAL
campo de control de longitud fija 020312s1875 sp |||| | spa d
040 ## - FUENTE DE CATALOGACIÓN
Centro catalogador/agencia de origen CAM
Lengua de catalogación spa
Centro/agencia transcriptor CAM
100 1# - ENTRADA PRINCIPAL--NOMBRE DE PERSONA
Nombre de persona Jackson Cortés, Eduardo,
Fechas asociadas al nombre 1826-1890
9 (RLIN) 128236
245 10 - MENCIÓN DEL TÍTULO
Título Tres tipos del año XX
Resto del título : pasillo comico-bufo en un acto y en verso /
Mención de responsabilidad, etc. original de Eduardo Jackson Cortés.
260 ## - PUBLICACIÓN, DISTRIBUCIÓN, ETC.
Lugar de publicación, distribución, etc. Madrid :
Nombre del editor, distribuidor, etc. [s.n.],
Fecha de publicación, distribución, etc. 1875 (
Fabricante Imprenta de José Rodriguez)
300 ## - DESCRIPCIÓN FÍSICA
Extensión 36 p. ;
Dimensiones 20 cm.
500 #1 - NOTA GENERAL
Nota general Estrenado en el Teatro de Variedades, la noche del 10 de febrero de 1875.
596 #1 - NOTA AL PIE DE IMPRENTA
NOTA AL PIE DE IMPRENTA En verso de la port. consta: "... Galería Lírico-Dramática titulada El Teatro, de Gullon ..."
852 ## - LOCALIZACIÓN
Ubicación ES-MaACL
Número de control de estantería F-8553(5)
Nota libre -- Enc. pasta española
-- -- Enc. en un vol. facticio formando parte de la col. facticia "Teatro español moderno", v. 5
Holdings
Estatus retirado Estado de pérdida Estado de daño No para préstamo Colección Biblioteca de origen Biblioteca actual Ubicación en estantería Fecha de adquisición Total de préstamos Signatura topográfica completa Código de barras Visto por última vez Precio de reemplazo Tipo de ítem Koha
        Libros del s. XIX Biblioteca del Ateneo de Madrid Biblioteca del Ateneo de Madrid Sala Pecera Planta 2 17/01/2008   F-8553(5) 1163367 23/02/2023 23/02/2023 Libro impreso antiguo